000 00929njm a22002657a 4500
005 20100916102427.0
007 sd ammalaaahaa
008 100914t xxu||||| |||| 00| 0 eng d
028 _a3AEX. 5117
_bOdeon
035 _aGR-02810
100 _919854
_aBhosle, Asha
245 _aJaiye aap kahan jayege-mere sanam side. 1 /
_cby Asha Bhosle ; lyric Majrooh Sultanpuri
_h[sound recording] :
260 _aDum Dum, India
_bOdeon
_cn. d.
300 _a1 sound disc [Gramophone record] :
_banalog, 33 1/3 rpm
_c12 in. (LP)
_fGramophone record
500 _aBrief record.
500 _aOdeon
500 _aBlack
505 _aAaj koyi pyar se-sawan ki ghata side. 2
650 _aClassical Music
_xExcerpts
_zIndia
_919855
_vFilmi song
700 _91184
_aMajrooh Sultanpuri
700 _919963
700 _920097
942 _2ddc
_cGR
999 _c46059
_d46059